[Správa společností]

Recenzia na publikáciu kolektívu českých a slovenských autorov, ktorá komplexne zachytáva problémy správy spoločnosti (Corporate governance). Publikácia je rozvrhnutá do siedmich kapitol a kladie si za cieľ názorným spôsobom vysvetliť teoretické základy problematiky corporate governance, ukázať pods...

Descrizione completa

Salvato in:
Dettagli Bibliografici
Autore principale: Szarková, Miroslava, 1951-
Natura: Capitolo di libro
Lingua:slovacco
Soggetti:
Tags: Aggiungi Tag
Nessun Tag, puoi essere il primo ad aggiungerne!!

MARC

LEADER 00000naa$a2200000$$$4500
001 0070208
005 20240502071838.1
041 0 |a slo 
044 |a SK 
245 1 0 |a [Správa společností]  |c Miroslava Szarková 
520 |a Recenzia na publikáciu kolektívu českých a slovenských autorov, ktorá komplexne zachytáva problémy správy spoločnosti (Corporate governance). Publikácia je rozvrhnutá do siedmich kapitol a kladie si za cieľ názorným spôsobom vysvetliť teoretické základy problematiky corporate governance, ukázať podstatu a príčiny javov vyskytujúcich sa v každodennej praxi. 
610 2 0 |a recenzie 
610 2 0 |a správa podniku 
610 2 0 |a správa spoločnosti 
100 1 |a Szarková, Miroslava, 1951-